Gyergye Krisztián, a médium

Elmentve itt :
Bibliográfiai részletek
Szerző: Kérchy Vera
Testületi szerző: Thealter30(+1) (2021) (Szeged)
Dokumentumtípus: Könyv része
Megjelent: SZTE BTK Összehasonlító Irodalomtudományi Tanszék Szeged 2022
Sorozat:Thealter30(+1) : színháztudományi konferencia
Kulcsszavak:Táncművészet - magyar - 21. sz., Gergye Krisztián
Tárgyszavak:
Online Access:http://acta.bibl.u-szeged.hu/76590
LEADER 00888naa a2200217 i 4500
001 acta76590
005 20221108133830.0
008 220908s2022 hu o 1|| hun d
020 |a 978-963-306-873-1 
040 |a SZTE Egyetemi Kiadványok Repozitórium  |b hun 
041 |a hun 
100 1 |a Kérchy Vera 
245 1 0 |a Gyergye Krisztián, a médium  |h [elektronikus dokumentum] /  |c  Kérchy Vera 
260 |a SZTE BTK Összehasonlító Irodalomtudományi Tanszék  |b Szeged  |c 2022 
300 |a 31-38 
490 0 |a Thealter30(+1) : színháztudományi konferencia 
650 4 |a Bölcsészettudományok 
650 4 |a Művészetek (művészetek, művészettörténet, előadóművészetek, zene) 
695 |a Táncművészet - magyar - 21. sz., Gergye Krisztián 
710 |a Thealter30(+1) (2021) (Szeged) 
856 4 0 |u http://acta.bibl.u-szeged.hu/76590/1/thealter_2022_031-038.pdf  |z Dokumentum-elérés